LEADER 00837nam0-22002891i-450- 001 990000333160403321 005 20060904152325.0 035 $a000033316 035 $aFED01000033316 035 $a(Aleph)000033316FED01 035 $a000033316 100 $a20020821d1962----km-y0itay50------ba 101 0 $aeng 105 $aa-------001yy 200 1 $aHydrogen in steel effect of Hydrogen on iron and steel during production, fabrication, and use$fBy Michael Smialowski 210 $aOxford$cPergamon Press$d1962 215 $aXVI,452 p.$cill.$d24 cm 676 $a672 700 1$aSmialowski,$bMichael 801 0$aIT$bUNINA$gRICA$2UNIMARC 901 $aBK 912 $a990000333160403321 952 $aDINMP3316$bD. 3379$fDINMP 952 $a04 182-80$bPIC/CNR 385/L$fDINCH 959 $aDINCH 959 $aDINMP 997 $aUNINA LEADER 01149nam2-22003851i-450- 001 990003286510403321 005 20090408143257.0 035 $a000328651 035 $aFED01000328651 035 $a(Aleph)000328651FED01 035 $a000328651 100 $a20030910d1980----km-y0itay50------ba 101 1 $aita 102 $aIT 105 $ay-------001yy 200 1 $aGiappone$f[di W. Hilgemann, G. Kettermann, M. Hergt$gedizione italiana a cura di Attilio Celant e Paolo Migliorini] 210 $aRoma$cLaterza$d1980 215 $a44 p.$cill.$d24 cm 225 1 $aUniversale Laterza$v485 461 0$1001000883800$12001$aGeografia e storia del mondo 610 0 $aGiappone 700 1$aHilgemann,$bWerner$f<1921- >$0291012 701 1$aKettermann,$bGünter$0431338 701 1$aHergt,$bManfred$079390 702 1$aCelant,$bAttilio 702 1$aMigliorini,$bPaolo 801 0$aIT$bUNINA$gRICA$2UNIMARC 901 $aBK 912 $a990003286510403321 952 $a021.036.GIA$b2496$fDECGE 952 $aCOLLEZ. 114 (485)$b1104$fFSPBC 959 $aDECGE 959 $aFSPBC 996 $aGiappone$9445888 997 $aUNINA